| 000 | 00828nam a22002415i 4500 | ||
|---|---|---|---|
| 001 | 177739 | ||
| 003 | ES-MaACL | ||
| 005 | 20230906220411.0 | ||
| 008 | 110418s1957 sp |||| | spa d | ||
| 080 | _a821.134.2-31"19"(082.2) | ||
| 100 | 1 |
_aGarcía, Alberto G. _9146213 |
|
| 245 | 1 | 0 |
_aCarlos, la ciudad y yo / _cAlberto G. García . _bSirenas en la montaña / Juan Reynés Gual . El poeta y el caballo / Enrique Povedano Arizmendi. |
| 246 | 3 | _aSirenas en la montaña | |
| 260 |
_aMadrid : _bAguilar, _c1957. |
||
| 300 |
_a623 p. ; _c20 cm. |
||
| 490 | 1 |
_aNova navis ; _v5 |
|
| 700 | 1 |
_aReynés Gual, Juan. _9146214 |
|
| 700 | 1 |
_aPovedano Arizmendi, Enrique. _9146215 |
|
| 740 | 3 | 2 | _aEl poeta y el caballo. |
| 830 | 1 |
_aNova navis ; _v5 _9190579 |
|
| 852 | 4 |
_aES-MaACL _jE-14938 _xOlim P-259 |
|
| 999 |
_c177739 _d177739 |
||